[Event "Feffernitz Raika op 16th"]
[Site "Feffernitz"]
[Date "2007.08.25"]
[Round "8"]
[White "Wertjanz, David"]
[Black "Zauner, Heinz"]
[Result "1/2-1/2"]
[WhiteElo "1861"]
[BlackElo "1624"]
[PlyCount "79"]
[EventDate "2007.08.19"]
[EventType "swiss"]
[EventRounds "9"]
[EventCountry "AUT"]
[SourceTitle "EXT 2008"]
[Source "ChessBase"]
[SourceDate "2007.11.25"]
[SourceVersion "1"]
[SourceVersionDate "2007.11.25"]
[SourceQuality "1"]

1. e4 e6 2. d4 d5 3. e5 c5 4. c3 Nc6 5. Nf3 Qb6 6. a3 Bd7 7. b4 c4 8. a4 Nge7 9. Be2 Ng6 10. 0-0 Nge7 11. Na3 Nf5 12. g4 Nh4 13. Bg5 Nxf3+ 14. Bxf3 Be7 15. Bxe7 Nxe7 16. Qd2 Ng6 17. Bg2 Qd8 18. f4 Ne7 19. Nc2 0-0 20. Ne3 g6 21. g5 Kg7 22. Ng4 Rh8 23. Rf3 Nf5 24. Rh3 Qg8 25. Bf3 Qe8 26. Nf6 Qc8 27. Bg4 Ne7 28. Qf2 Ng8 29. Qh4 h6 30. Nxg8 Qxg8 31. gxh6+ Kh7 32. Kf2 Qd8 33. Qg3 Qe7 34. Rg1 Rhg8 35. Bd1 Raf8 36. Qg5 f6 37. exf6 Qxf6 38. Qxf6 Rxf6 39. Ke3 Rgf8 40. Bc2 1/2-1/2